00669nam a2200181 a 4500008004100000050001500041100002300056245004600079260003000125300001400155350000900169650001400178650002900192650002500221995009300246999001700339952013100356120416s1964 ||||||||||||||||| || u aHM 131 Pug aPugh, Derek Solmon10aWriters on organizations: an introduction aLondon:bHutchinsonc1964 axii, 98p. a0.00 0aSOCIOLOGY aORGANIZATIONAL SOCIOLOGY aINDUSTRIAL SOCIOLOGY D0.00FCBU-MAIN LIBRARY (Kitwe)H1I0.00M1UDAMAGEDZMain Library Open Access Collection c62220d62220 00102lcc4070a001b001cMain Library Open Access Collectiond2022-11-30l0oHM 131 Pugp008738r2022-11-30w2022-11-30y002